20 Questions de Culture Générale - 2 - Statistiques

Statistiques générales
  • Ce quiz a été pris 175 fois
  • Le résultat moyen est 7 sur 20
Statistiques - réponses
Description Réponse % Correct
Commune française donnant son nom à un piment. Espelette
78%
Oiseau tropical régulant sa température corporelle grâce à son long bec coloré. Le toucan
76%
Fleuve traversant notamment Bordeaux et Toulouse. La Garonne
75%
Pays dont est originaire l’inventeur de la poubelle. France
70%
Met très apprécié par les bretons et à la Chandeleur. Les crêpes
65%
Studio d’animation japonais cofondé par Hayao Miyazaki et et Isao Takahata ayant produit entre autre Le Voyage de Chihiro. Studio Ghibli
51%
Met luxueux associé au tournedos de bœuf pour cuisiner un tournedos Rossini. Foie Gras
45%
Plus grand désert du monde, avec une superficie bien plus grande que celle du Sahara. Antarctique
41%
Couleur à laquelle fait référence le terme « gueules » lorsque l’on parle de blason. Rouge
35%
Licence de jeu de combat où Pikachu peut se battre contre Samus. Super Smash Bros
34%
Score maximum possible en faisant que des strikes dans une partie classique de Bowling. 300
32%
Premier sportif milliardaire de l’Histoire. Tiger Woods
27%
Joueur de rugby à XV ayant le plus de points inscrits lors de rencontres internationales avec 1598 points. Dan Carter
18%
Maladie de la patate causée par un champignon ayant entraînée une grande famine en Irlande au XIXème siècle. Le mildiou
17%
Nom du personnage principal de Germinal d’Émile Zola. Étienne Lantier
15%
Artiste ayant réalisé une grande performance saluée par la critique lors de la mi-temps du Super Bowl 2006. Prince
10%
Première ministre britannique avec le mandat le plus court, à savoir 49 jours. Liz Truss
8%
Plante aux fleurs jaunes, faisant partie du patrimoine culturel du Tarn, qui produit une teinture de bleu intense. Le pastel
3%
Nom donné au capuchon de la tenue portée par les moines. La cuculle
2%
Chimiste français originaire de Toulouse et récipiendaire du Prix Nobel de Chimie en 1912. Paul Sabatier
1%
Aucun quiz correspondant
Distribution des résultats
% des personnes avec chaque résultat
Percentile par nombre de réponses
Votre historique - résultats
Vous n’avez pas pris ce quiz